| 000 | 00808nam a2200265 a 4500 | ||
|---|---|---|---|
| 001 | 000044492 | ||
| 003 | 000044492 | ||
| 005 | 20171103112552.0 | ||
| 008 | 140703s2006 dr a 000 0 spa d | ||
| 020 | _a9993479683 | ||
| 040 |
_aBPMSU _bspa _cBPMSU |
||
| 082 |
_aRD863.5 _bP573p |
||
| 100 | 1 | _aPhipps, Miguel | |
| 245 | 1 | 0 |
_aPlumas de vanidad / _cMiguel Phipps ; diseño e ilustraciones Ohanda Coste. |
| 260 |
_aSanto Domingo : _bBúho, _c2006. |
||
| 300 |
_a20 p. : _bil. ; _c28 cm. |
||
| 490 | 1 |
_aInfantil Phipps _v10 |
|
| 650 | _2CUENTOS INFANTILES DOMINICANOS | ||
| 650 | _2LITERATURA INFANTIL DOMINICANA | ||
| 700 | 1 | 2 |
_aCoste, Ohanda _eil. |
| 830 | 0 |
_aInfantil Phipps ; _n10 |
|
| 942 |
_2ddc _cBK |
||
| 945 | _aInventariado infantil dom / 2017 | ||
| 956 |
_aVMATEO _b10 _c20150710 _lBPMSU _h0069 |
||
| 999 |
_c7090 _d7090 |
||